Most expensive football transfers - Uruguayan players - Statistics

General Stats
  • This quiz has been taken 47 times
  • The average score is 8 of 10
Answer Stats
Fee (M €) Season Left Joined Player % Correct
85,00 2022-2023 Benfica Liverpool Darwin Núñez
98%
34,00 2020-2021 UD Almería Benfica Darwin Núñez
98%
81,72 2014-2015 Liverpool Barcelona Luis Suárez
95%
26,50 2010-2011 Ajax Liverpool Luis Suárez
95%
64,50 2013-2014 SSC Napoli Paris SG Edinson Cavani
88%
21,00 2007-2008 Villarreal Atlético Madrid Diego Forlán
70%
60,00 2023-2024 Sporting CP Paris SG Manuel Ugarte
67%
28,65 2018-2019 Sampdoria Arsenal Lucas Torreira
63%
21,70 2017-2018 Boca Juniors Juventus Rodrigo Bentancur
49%
24,00 2017-2018 Fiorentina Inter Matías Vecino
40%
No matching quizzes found
Score Distribution
Percent of People with Each Score
Percentile by Number Answered
Your Score History
You have not taken this quiz